| 000 | 01290cab a2200289 4500 | ||
|---|---|---|---|
| 001 | E2136 | ||
| 008 | 090401t1994 xxu||||| |||| 00| 0 eng d | ||
| 035 | _a(Sirsi) u37690 | ||
| 041 | _aeng | ||
| 245 | _aStirrat Park Hogg v Dumbarton District Council | ||
| 260 | _c1994 | ||
| 350 | _a0 | ||
| 490 |
_aScottish Civil Law Reports _v1994 SCLR 631-641(11) |
||
| 520 | _aLocal government - town and country planning - planning register - access to information - charge imposed for inspection of register - whether express power to charge - whether power arising by necessary implication - title and interest to sue - member of public. Court of Session. Outer House. Lord Cameron of Lochbroom. 18 March 1994. | ||
| 650 | _aACCESS TO INFORMATION | ||
| 650 | _aCOMPANIES ACT 1985 | ||
| 650 | _aINTERPRETATION ACT 1978 | ||
| 650 | _aLOCAL GOVERNMENT (ACCESS TO INFORMATION) ACT 1985 | ||
| 650 | _aLOCAL GOVERNMENT (SCOTLAND) ACT 1973 | ||
| 650 | _aSI 1992:224 | ||
| 650 | _aTOWN AND COUNTRY PLANNING (GENERAL DEVELOPMENT PROCEDURE)(SCOTLAND) OR | ||
| 650 | _aTOWN AND COUNTRY PLANNING (SCOTLAND) ACT 1972 | ||
| 650 | _aTOWN AND COUNTRY PLANNING (STRUCTURE AND LOCAL PLANS)(SCOTLAND) REGULA | ||
| 690 | _aPLANNING LAW AND PRACTICE-CASE LAW | ||
| 942 | _n0 | ||
| 948 | _c04/03/1997 | ||
| 999 |
_c24290 _d24290 |
||